000 00945nam a2200265Ia 4500
003 OSt
005 20221005110705.0
006 a|||||r|||| 00| 0
007 ta
008 221004b |||||||| |||| 00| 0 hin d
020 _a9788126726493 (hbk)
_c300
024 _a21068
037 _bBR8455, 23/03/2015, Rajkamal Prakashan Pvt. Ltd.
_cTextual
040 _aCRL
_cCRL
_bhin
041 _2hin
_ahin
082 _aO152,6N46x, Q5
100 _aअरोड़ा, सुधा
245 0 _aएक औरत की नोटबुक
246 _aEk aurat kī noṭabuka
260 _aनई दिल्ली
_bराजकमल प्रकाशन भारत
_c2015
300 _a138पृ0
_ccm.
650 _aहिन्दी साहित्य
942 _hO152,6N46x, Q5
_cTEXL
_2cc
999 _c1019596
_d1019596